Frodo Quiz - Statistics

General Stats
  • This quiz has been taken 19 times
    15 since last reset
  • The average score is 8 of 10
Answer Stats
Answer % Correct
His adoptive "uncle" Bilbo
100%
Wizard that gives him a quest Gandalf
100%
His gardener Sam
100%
Pitiful creature that helps him Gollum
93%
Companion that betrays him Boromir
79%
Spider that stung him Shelob
71%
Alias he uses in Bree Underhill
71%
Wraith that stabs him Witch King
71%
His father's name Drogo
57%
First elf he meets Gildor
43%
No matching quizzes found
Score Distribution
Percent of People with Each Score
Percentile by Number Answered
Your Score History
You have not taken this quiz since the last reset